|
|
|
|
| LEADER |
00000nab a2200000 a 4500 |
| 001 |
vtls000158074 |
| 003 |
SK-MaSNL |
| 005 |
20260302210041.0 |
| 008 |
111104c1983 xo 0 slo |
| 015 |
|
|
|a SNBRB19rr/mm-uuuuu
|
| 035 |
|
|
|a CL0168183
|
| 040 |
|
|
|a SNKBUCL
|b slo
|c SNKBUCL
|e AACR2
|
| 041 |
0 |
|
|a slo
|
| 044 |
|
|
|a xo
|c SK
|
| 080 |
|
|
|a 820 (73)-3
|2 1981
|
| 100 |
1 |
|
|a Gardnerová, Tonita S.
|4 aut
|9 932625
|
| 245 |
1 |
0 |
|a Rozvod
|c Tonita S. Gardnerová ; Tonita S. Gardner, D. Šimkovicová
|
| 500 |
|
|
|a Prevzaté z časopisu Bunte, Offenburg.
|
| 650 |
0 |
7 |
|a poviedky kriminálne
|2 snkbucl
|9 921121
|
| 655 |
|
7 |
|a články z novín a časopisov
|2 snkbucl
|9 267496
|
| 655 |
|
7 |
|a články z odboru literárna veda a krásna literatúra
|2 snkbucl
|9 770045
|
| 700 |
1 |
|
|a Gardner, Tonita S.
|4 aut
|9 932626
|
| 700 |
1 |
|
|a Šimkovicová, D.
|4 gup
|9 932609
|
| 773 |
0 |
|
|t Express
|g Roč. 15, č. 28 (1983), s. 21
|
| 850 |
|
|
|a Slovenská národná knižnica v Martine
|a MTA001
|
| 852 |
|
|
|a SNK
|b KIS3GCP
|
| 958 |
|
|
|a RK
|
| 958 |
|
|
|a LX
|
| 992 |
|
|
|a RBX
|
| 999 |
|
|
|c 1480679
|d 1482609
|